<?xml version="1.0" encoding="UTF-8"?>
<record
    xmlns:xsi="http://www.w3.org/2001/XMLSchema-instance"
    xsi:schemaLocation="http://www.loc.gov/MARC21/slim http://www.loc.gov/standards/marcxml/schema/MARC21slim.xsd"
    xmlns="http://www.loc.gov/MARC21/slim">

  <leader>01030nam a22001697a 4500</leader>
  <controlfield tag="008">120913t        xxu||||| |||| 00| 0 eng d</controlfield>
  <datafield tag="020" ind1=" " ind2=" ">
    <subfield code="a">0815957181</subfield>
  </datafield>
  <datafield tag="050" ind1=" " ind2=" ">
    <subfield code="a">HG221.3.D323</subfield>
  </datafield>
  <datafield tag="100" ind1=" " ind2=" ">
    <subfield code="a">Dahlberg, Arthur O.</subfield>
  </datafield>
  <datafield tag="245" ind1=" " ind2=" ">
    <subfield code="a">How to reduce interest rates and poverty. /</subfield>
    <subfield code="c">Arthur O. Dahlberg</subfield>
  </datafield>
  <datafield tag="260" ind1=" " ind2=" ">
    <subfield code="a">Connecticut:</subfield>
    <subfield code="b">Devin-Adair,</subfield>
    <subfield code="c">c1984.</subfield>
  </datafield>
  <datafield tag="300" ind1=" " ind2=" ">
    <subfield code="a">xx,149 p.:</subfield>
    <subfield code="b">ill.;</subfield>
    <subfield code="c">22cm.</subfield>
  </datafield>
  <datafield tag="500" ind1=" " ind2=" ">
    <subfield code="a">Includes index</subfield>
  </datafield>
  <datafield tag="505" ind1=" " ind2=" ">
    <subfield code="a">Contents: The Nature of the problem -- You, too, can understand money -- A Shifted tax that would lower interest rates immediately -- Roadblocks to the prompt disbursement of money -- Savings -- How hoardable money undermines labor's bargaining power -- Labor unionism: a struggle for income, power, and equity -- The Benefits derived from a shifted tax on demand deposits -- The Gothic age and non-hoardable money -- The Roots of trransfer payments -- The Nature of interest -- The Determinants of interest rates -- How money is given an excessive store of value.</subfield>
  </datafield>
  <datafield tag="650" ind1=" " ind2=" ">
    <subfield code="b">Money. </subfield>
  </datafield>
  <datafield tag="942" ind1=" " ind2=" ">
    <subfield code="2">lcc</subfield>
    <subfield code="c">BK</subfield>
  </datafield>
  <datafield tag="999" ind1=" " ind2=" ">
    <subfield code="c">2332</subfield>
    <subfield code="d">9832</subfield>
  </datafield>
  <datafield tag="952" ind1=" " ind2=" ">
    <subfield code="0">0</subfield>
    <subfield code="1">0</subfield>
    <subfield code="2">lcc</subfield>
    <subfield code="4">0</subfield>
    <subfield code="7">0</subfield>
    <subfield code="a">WIUC-1</subfield>
    <subfield code="b">WIUC-1</subfield>
    <subfield code="c">GEN</subfield>
    <subfield code="d">2012-09-13</subfield>
    <subfield code="l">0</subfield>
    <subfield code="o">HG221.3.D323</subfield>
    <subfield code="p">3537/12</subfield>
    <subfield code="r">2012-09-13 00:00:00</subfield>
    <subfield code="w">2012-09-13</subfield>
    <subfield code="y">BK</subfield>
  </datafield>
</record>
